Most Populous River Deltas - Statistics

General Stats
  • This quiz has been taken 244 times
  • The average score is 7 of 10
Answer Stats
Hint Answer % Correct
34,000,000 Nile
92%
5,200,000 Yellow
91%
300,000,000 Ganges
89%
105,000,000 Yangtze
86%
17,500,000 Mekong
82%
120,000,000 Pearl
74%
31,000,000 Niger
68%
20,000,000 Rhine
62%
19,000,000 Red
20%
11,000,000 Godavari
14%
No matching quizzes found
Score Distribution
Percent of People with Each Score
Percentile by Number Answered
Your Score History
You have not taken this quiz